LEADER 01047nam--2200361---450- 001 990003103040203316 005 20080505112506.0 010 $a88-14-00710-1 035 $a000310304 035 $aUSA01000310304 035 $a(ALEPH)000310304USA01 035 $a000310304 100 $a20080505d1985----km-y0itay50------ba 101 $aita 102 $aIT 105 $a||||||||001yy 200 1 $aProblemi attuali della libertà personale$etra emergenze e quotidiano della giustizia penale$fMario Chiavario 210 $aMilano$cGiuffrè$d1985 215 $aVII, 222 p.$d24 cm 410 0$12001 454 1$12001 461 1$1001-------$12001 606 0 $aLibertà personale$xDiritto 676 $a345.056 700 1$aCHIAVARIO,$bMario$0225256 801 0$aIT$bsalbc$gISBD 912 $a990003103040203316 951 $a345.056 CHI$b2999 DITESI (sez. 2 n. 898) 959 $aBK 969 $aDITESI 979 $aDITESI$b10$c20080505$lUSA01$h1125 996 $aProblemi attuali della libertà personale$963074 997 $aUNISA LEADER 01270cam--2200361---450 001 990000442200203316 005 20220725125541.0 010 $a88-05-05332-5 035 $a0044220 035 $aUSA010044220 035 $a(ALEPH)000044220USA01 035 $a0044220 100 $a20010511d1994----km-y0itay5003----ba 101 0 $aita 102 $aIT 105 $a||||||||001yy 200 1 $a<> Corno d'Africa nella storia e nella politica$eEtiopia, Somalia e Eritrea fra le nazionalismi, sottosviluppo e guerra$fGiampaolo Calchi Novati 210 $aTorino$cSocietà editrice internazionale$d1994 215 $aV, 284 p.$d22 cm 225 2 $a<> nuova Africa 410 0$12001$a<> nuova Africa 606 0 $aEtiopia [e] Eritrea [e] Somalia$z1870-1993$xStoria$2BNCF 676 $a963 700 1$aCALCHI NOVATI,$bGiampaolo$f<1935-2017>$0755131 801 0$aIT$bsalbc$gISBD 912 $a990000442200203316 951 $aX.3.B. 3254(XV A Coll. 38/4)$b145658 L.M.$cX.3.$d414832 951 $aX.3.B. 3254a(XV A Coll. 38/4 BIS)$b145657 L.M.$cX.3.$d513697 951 $aX.3.B. 3254b(XV A Coll. 38/4 A)$b145656 L.M.$cX.3.$d513698 959 $aBK 969 $aUMA 996 $aCorno d'Africa nella storia e nella politica$92900741 997 $aUNISA